000 00611nam a2200217Ia 4500
008 101110s9999 xx 000 0 und d
041 _aENGLISH
082 _bSR24749
100 _aZarapkar S.S., Pawar A.A., Ghantwal S.R., Patil Sandesh & others
245 _aConcepts in organic chemistry (SYBSc)
260 _c2003
_bChetana Publisher, Mumbai
300 _a186
365 _b70
520 _aChemistry
546 _aENGLISH
630 _aConcepts in organic chemistry (SYBSc)
650 _aChemistry
655 _aChemistry
730 _aConcepts in organic chemistry (SYBSc)
942 _cBOOK
999 _c817416
_d817413